000 00774nam a2200241Ii 4500
003 JO-AjNU
005 20240504095611.0
008 230605s9999||||xx |||||||||||||| ||und||
017 _a2012/12/4165
020 _a978-9957-49-070-6
040 _aJO-AjNU
_bara
_erda
_cJO-AjNU
041 _aara
050 1 4 _aPJ7976.U455.K26 2013
100 3 _aتأليف الزغول، محمد سراج,
_eauthor
_946038
245 0 0 _aفي طريق الملوك: شعر
_cتأليف، محمد سراج الزغول
264 3 1 _aعمان:وزارة الثقافة،2013
300 _a188ص
336 _atext
_btxt
_2rdacontent
337 _aunmediated
_bn
_2rdamedia
338 _avolume
_bnc
_2rdacarrier
650 4 _aالشعر العربي - الأردن
_946039
942 _2lcc
_cBK
999 _c23568
_d23568